| 000 | 00869nam a2200277Ia 4500 | ||
|---|---|---|---|
| 001 | Para_7986 | ||
| 003 | CHAP | ||
| 008 | 220125s9999 xx 000 0 und d | ||
| 010 | _a206915 | ||
| 040 | _cCHAP | ||
| 082 | _aPA-C 595.75 H4 | ||
| 100 |
_aBall, E.D. _9167098 |
||
| 245 |
_aThe genus phyllodinus and its allies (homoptera-fulgoridae) / _c by E.D. Ball |
||
| 300 | _a4 p. | ||
| 440 |
_aHemiptera; 11 _9173293 |
||
| 500 | _aSobretiro de: The Florida Entomologist 10 (2): 17-20, 1926. Encuadernada con otros impresos similares | ||
| 650 |
_a _x HemÃpteros _x colecciones de escritos _x Fulgoridae _9173296 |
||
| 710 |
_aThe Florida Entomologist 10 (2) _9173297 |
||
| 901 | _aPA-C 595.75 H4 | ||
| 902 | _aA | ||
| 905 | _a000000 0000000000 00 | ||
| 910 | _a | ||
| 942 | _cPARA | ||
| 942 |
_cPARA _d1 |
||
| 999 |
_c206915 _d206915 |
||